УИРС. Часть 6 (профиль Управление качеством в производственно-технологических системах) / ДО 2021 (27.03.02): электронный курс

מידע ביבליוגרפי
מחבר ראשי: Плотникова И. В. Инна Васильевна
מחבר תאגידי: Национальный исследовательский Томский политехнический университет Инженерная школа неразрушающего контроля и безопасности Отделение контроля и диагностики (570)
סיכום:Заглавие с экрана
Основная цель изучения курса «Учебно-исследовательская работа студентов» состоит в том, чтобы привить студентам навыки самостоятельной теоретической и экспериментальной работы, ознакомить их с основными понятиями в области управления качеством, современными методами проведения научных исследований. Курс предназначен для студентов четвертого курса восьмого семестра направления подготовки 27.03.02 Управление качеством. В процессе обучения по курсу «Учебно-исследовательская работа студентов» Вы приобретете необходимые знания в области управления качеством, научитесь аргументировано излагать свои мысли; использовать в своей учебно-исследовательской работе различные поисковые базы данных с научной литературой; представлять итоги проделанной работы в виде отчетов, рефератов, оформленных в соответствии с имеющимися требованиями, с привлечением современных средств редактирования и печати
Интерактивный мультимедиа ресурс
AM_Login_TPU
שפה:רוסית
יצא לאור: Томск, TPU Moodle, 2025
נושאים:
גישה מקוונת:https://design.lms.tpu.ru/course/view.php?id=4973
פורמט: MixedMaterials אלקטרוני ספר
KOHA link:https://koha.lib.tpu.ru/cgi-bin/koha/opac-detail.pl?biblionumber=679875

MARC

LEADER 00000nlm0a2200000 4500
001 679875
005 20250425095011.0
090 |a 679875 
100 |a 20250423d2025 m||y0rusy50 ca 
101 0 |a rus 
102 |a RU 
105 |a a j 000yy 
135 |a jrcn ---uucaa 
181 0 |a i   |b  e  
182 0 |a b 
183 0 |a cr  |2 RDAcarrier 
200 1 |a УИРС. Часть 6 (профиль Управление качеством в производственно-технологических системах) / ДО 2021 (27.03.02)  |e электронный курс  |f И. В. Плотникова  |g Национальный исследовательский Томский политехнический университет, Отделение контроля и диагностики 
203 |a Текст  |c электронный  |b визуальный 
210 |a Томск  |c TPU Moodle  |d 2025 
283 |a online_resource  |2 RDAcarrier 
300 |a Заглавие с экрана 
330 |a Основная цель изучения курса «Учебно-исследовательская работа студентов» состоит в том, чтобы привить студентам навыки самостоятельной теоретической и экспериментальной работы, ознакомить их с основными понятиями в области управления качеством, современными методами проведения научных исследований. Курс предназначен для студентов четвертого курса восьмого семестра направления подготовки 27.03.02 Управление качеством. В процессе обучения по курсу «Учебно-исследовательская работа студентов» Вы приобретете необходимые знания в области управления качеством, научитесь аргументировано излагать свои мысли; использовать в своей учебно-исследовательской работе различные поисковые базы данных с научной литературой; представлять итоги проделанной работы в виде отчетов, рефератов, оформленных в соответствии с имеющимися требованиями, с привлечением современных средств редактирования и печати 
336 |a Интерактивный мультимедиа ресурс 
371 0 |a AM_Login_TPU 
606 |a Студенты  |x Научно-исследовательская работа  |9 83939 
606 |a Всеобщее управление качеством  |9 86506 
610 1 |a электронный ресурс 
610 1 |a труды учёных ТПУ 
610 1 |a электронное обучение 
610 1 |a кампусные онлайн-курсы 
610 1 |a дистанционное образование 
610 1 |a дистанционное обучение 
610 1 |a e-learning 
610 1 |a Moodle 
610 1 |a управление 
610 1 |a человеческие ресурсы 
610 1 |a финансовые ресурсы 
610 1 |a информационные ресурсы 
610 1 |a производственные ресурсы 
675 |a 658.562(075.8)  |v 4 
686 |2 rubbk  |a Ч481.268я73 
700 1 |a Плотникова  |b И. В.  |c специалист в области качества  |c доцент Томского политехнического университета, кандидат технических наук  |f 1965-  |g Инна Васильевна  |9 14169 
712 0 2 |a Национальный исследовательский Томский политехнический университет  |b Инженерная школа неразрушающего контроля и безопасности  |b Отделение контроля и диагностики  |9 28375  |4 570 
801 0 |a RU  |b 63413507  |c 20241211  |g RCR 
850 |a 63413507 
856 4 |u https://design.lms.tpu.ru/course/view.php?id=4973  |z https://design.lms.tpu.ru/course/view.php?id=4973 
942 |c CF